00729nam a22002057a 4500999001900000005001700019010001300036020002600049037003300075082001200108100002700120245006100147250000800208260005100216270004700267300003000314500001000344942002600354952014300380 c189317d18931720220923124940.0 aB-765678 a9788120344921c450.00 bPHI Learning Private Limited a330.156 a Pailwar, Keshav Veena aEconomic Environment of Business/cVeena Keshav Pailwar  a3rd aNew DelhibPHI Learining Priate Limited c2012 aM-97, Connaught Circus bNew Delhie110001 axxv,485pbill.c23cm (pb) aIndex 2ddccENh330.156mPAI 001040708NFICaAVbAVd2022-09-23e22.9.22/Giftg450.00l0o330.156 PAIpB-745678r2022-09-23 00:00:00t1v450.00w2022-09-23yENzGift